Численная методика обработки экспериментов для определения реологических свойств нефти; Проблемы геологии и освоения недр; Т. 2

Bibliografiske detaljer
Parent link:Проблемы геологии и освоения недр: труды XXIII Международного симпозиума имени академика М. А. Усова студентов и молодых ученых, посвященного 120-летию со дня рождения академика К. И. Сатпаева, 120-летию со дня рождения профессора К. В. Радугина, Томск, 8-12 апреля 2019 г./ Национальный исследовательский Томский политехнический университет, Инженерная школа природных ресурсов ; гл. ред. А. С. Боев ; под ред. Е. Ю. Пасечник.— , 2019
Т. 2.— 2019.— [С. 212-213]
Hovedforfatter: Шакиров В. А.
Institution som forfatter: Национальный исследовательский Томский политехнический университет Инженерная школа природных ресурсов Отделение нефтегазового дела
Andre forfattere: Галкин В. М. Владислав Михайлович (научный руководитель)
Summary:Заглавие с экрана
Sprog:russisk
Udgivet: 2019
Serier:Современные технологии разработки нефтяных и газовых месторождений
Fag:
Online adgang:http://earchive.tpu.ru/handle/11683/56533
Format: MixedMaterials Electronisk Book Chapter
KOHA link:https://koha.lib.tpu.ru/cgi-bin/koha/opac-detail.pl?biblionumber=630031

MARC

LEADER 00000naa2a2200000 4500
001 630031
005 20231101133606.0
035 |a (RuTPU)RU\TPU\conf\30900 
035 |a RU\TPU\conf\30899 
090 |a 630031 
100 |a 20191011d2019 k y0rusy50 ca 
101 0 |a rus 
102 |a RU 
105 |a y z 100zy 
135 |a drcn ---uucaa 
181 0 |a i  
182 0 |a b 
200 1 |a Численная методика обработки экспериментов для определения реологических свойств нефти  |f В. А. Шакиров  |g науч. рук. В. М. Галкин 
203 |a Текст  |c электронный 
225 1 |a Современные технологии разработки нефтяных и газовых месторождений 
230 |a 1 компьютерный файл (pdf; 419 Kb) 
300 |a Заглавие с экрана 
320 |a [Библиогр.: с. 213 (4 назв.)] 
461 1 |0 (RuTPU)RU\TPU\conf\30471  |t Проблемы геологии и освоения недр  |o труды XXIII Международного симпозиума имени академика М. А. Усова студентов и молодых ученых, посвященного 120-летию со дня рождения академика К. И. Сатпаева, 120-летию со дня рождения профессора К. В. Радугина, Томск, 8-12 апреля 2019 г.  |o в 2 т.  |f Национальный исследовательский Томский политехнический университет, Инженерная школа природных ресурсов ; гл. ред. А. С. Боев ; под ред. Е. Ю. Пасечник  |d 2019 
463 1 |0 (RuTPU)RU\TPU\conf\30475  |t Т. 2  |v [С. 212-213]  |d 2019 
610 1 |a труды учёных ТПУ 
610 1 |a электронный ресурс 
610 1 |a численные методики 
610 1 |a эксперименты 
610 1 |a реологические свойства 
610 1 |a нефти 
610 1 |a дисперсионные системы 
610 1 |a дисперсионные среды 
610 1 |a вязкость 
700 1 |a Шакиров  |b В. А. 
702 1 |a Галкин  |b В. М.  |c геолог  |c доцент Томского политехнического университета, кандидат физико-математических наук  |f 1955-  |g Владислав Михайлович  |2 stltpush  |4 727 
712 0 2 |a Национальный исследовательский Томский политехнический университет  |b Инженерная школа природных ресурсов  |b Отделение нефтегазового дела  |h 8084  |2 stltpush  |3 (RuTPU)RU\TPU\col\23546 
801 2 |a RU  |b 63413507  |c 20191024  |g RCR 
856 4 |u http://earchive.tpu.ru/handle/11683/56533 
942 |c BK